000
00461nam a2200181Ia 4500
008
100917s9999 xx 000 0 und d
082
_b
19073
100
_a
कानिटकर भास्कर विनायक
245
_a
शारदा
260
_b
---
_c
1823
300
_a
58
365
_b
0
520
_a
चरित्र
630
_a
शारदा
650
_a
चरित्र
730
_a
शारदा
942
_c
BOOK
999
_c
624467
_d
624464